महिला विकासःएक मूल्यांकन / (Record no. 18262)

MARC details
000 -LEADER
fixed length control field 03541nam a22003977a 4500
005 - DATE AND TIME OF LATEST TRANSACTION
control field 20081111104613.0
008 - FIXED-LENGTH DATA ELEMENTS--GENERAL INFORMATION
fixed length control field 081111t xxu||||| |||| 00| 0 hin d
010 ## - LCCN (DPL NO)
LC control number HIN-84797 B-319589-594
020 ## - INTERNATIONAL STANDARD BOOK NUMBER
International Standard Book Number 9788184550832
Terms of availability 500.00
035 ## - SYSTEM CONTROL NUMBER
System control number HN-57143
035 ## - SYSTEM CONTROL NUMBER
System control number B-319589-594
035 ## - SYSTEM CONTROL NUMBER
System control number B-358321
037 ## - SOURCE OF ACQUISITION
Source of stock number/acquisition ओमेगा पब्लिकेशन्स
037 ## - SOURCE OF ACQUISITION
Source of stock number/acquisition स्टैडर्ड पब्लिशर्स इण्डिया
040 ## - CATALOGING SOURCE
Original cataloging agency DPL
Language of cataloging HN
082 ## - DEWEY DECIMAL CLASSIFICATION NUMBER
Classification number 305.42
100 ## - MAIN ENTRY--PERSONAL NAME
Personal name त्रिपाठी, मधुसूदन
245 ## - TITLE STATEMENT
Title महिला विकासःएक मूल्यांकन /
Statement of responsibility, etc मधुसूदन त्रिपाठी
246 ## - VARYING FORM OF TITLE
Title proper/short title Mahila vikas:ek mulyankan
Remainder of title by Madhusoodan Tripathy
260 ## - PUBLICATION, DISTRIBUTION, ETC. (IMPRINT)
Place of publication, distribution, etc नई दिल्ली
Name of publisher, distributor, etc ओमेगा पब्लिकेशन्स
Date of publication, distribution, etc 2008
270 ## - ADDRESS
Address 4398/5. अंसारी रोड, दरियागंज
City नई दिल्ली
Postal code 110002
Telephone number 65901906
300 ## - PHYSICAL DESCRIPTION
Extent 232पृ
Dimensions 22सेमी (सजिल्द)
650 ## - SUBJECT ADDED ENTRY--TOPICAL TERM
Topical term or geographic name as entry element महिला विकास
Geographic subdivision विकासशील राष्ट्र
650 ## - SUBJECT ADDED ENTRY--TOPICAL TERM
Topical term or geographic name as entry element Women development
Geographic subdivision Developing countries
942 ## - ADDED ENTRY ELEMENTS (KOHA)
Source of classification or shelving scheme Dewey Decimal Classification
Item type Hindi Books
Call number suffix त्रिपाठी
Classification part 305.42
Holdings
Withdrawn status Lost status Source of classification or shelving scheme Damaged status Not for loan Collection code Home library Current library Date acquired Source of acquisition Cost, normal purchase price Total Checkouts Full call number Barcode Date last seen Copy number Cost, replacement price Koha item type Total Renewals
  Lost and Paid For Dewey Decimal Classification     Non-fiction Central Library Central Library 06/08/2009 931/16.3.09/631/13.3.09/18.3.09 500.00   305.42 त्रिपाठी B-319589 06/08/2009 1 500.00 Hindi Books  
    Dewey Decimal Classification   Not For Loan Non-fiction D.B.Act.Division D.B.Act.Division 11/11/2008 DBAD / PUB 500.00   305.42 त्रिपाठी HN-57143 11/11/2008 1 500.00 Hindi Books  
    Dewey Decimal Classification     Non-fiction Janak Puri Janak Puri 26/09/2009 090/14.9.09/136/4.9.09/15.9.09 500.00 9 305.42 त्रिपाठी B-358321 16/12/2013 1 500.00 Hindi Books 2
    Dewey Decimal Classification     Non-fiction Karol Bagh Karol Bagh 06/08/2009 931/16.3.09/631/13.3.09/18.3.09 500.00   305.42 त्रिपाठी B-319593 06/08/2009 1 500.00 Hindi Books  
    Dewey Decimal Classification     Non-fiction Patel Nagar Patel Nagar 06/08/2009 931/16.3.09/631/13.3.09/18.3.09 500.00 1 305.42 त्रिपाठी B-319590 15/10/2018 1 500.00 Hindi Books  
    Dewey Decimal Classification     Non-fiction Sarojini Nagar Sarojini Nagar 06/08/2009 931/16.3.09/631/13.3.09/18.3.09 500.00   305.42 त्रिपाठी B-319591 06/08/2009 1 500.00 Hindi Books  
    Dewey Decimal Classification     Non-fiction Shahdara Branch Shahdara Branch 06/08/2009 931/16.3.09/631/13.3.09/18.3.09 500.00   305.42 त्रिपाठी B-319594 25/10/2019 1 500.00 Hindi Books  
    Dewey Decimal Classification     Non-fiction Vinoba Puri Vinoba Puri 06/08/2009 931/16.3.09/631/13.3.09/18.3.09 500.00 4 305.42 त्रिपाठी B-319592 26/03/2018 1 500.00 Hindi Books  

© Delhi Public Library
Hit Counter
free hit counter